| 000 | 00499nam a2200181Ia 4500 | ||
|---|---|---|---|
| 999 |
_c1829 _d1829 |
||
| 003 | OSt | ||
| 005 | 20200923101654.0 | ||
| 008 | 190216s9999||||xx |||||||||||||| ||und|| | ||
| 040 | _coclc | ||
| 082 |
_a581.1 _bPAN/P |
||
| 100 |
_aPandey, S N _92549 |
||
| 245 | 0 |
_aPlant Physiology / _cS N Pandey ; B K Sinha |
|
| 250 | _a4th Ed | ||
| 260 |
_bVikas Publishing House, _c2010. _aNew Delhi: |
||
| 300 | _a682p | ||
| 650 | _aBotany | ||
| 942 |
_cBK _2ddc _h581.1 _iPAN/P _k581.1 _mPAN/P |
||